Lebensmittel Geschäfte - Statistiken

Allgemein
  • Dieses Quiz wurde 81 mal gespielt
  • Das Durchschnittsergebnis liegt bei 7 aus 13
Antwortstatistiken
Hint Antwort % Korrekt
4 Aldi
97%
2 Lidl
97%
7 Edeka
96%
1 Rewe
96%
3 Kaufland
90%
6 Netto
86%
12 Penny
78%
10 Globus
35%
5 Teegut
13%
9 Metro
11%
11 Hit Markt
1%
13 Mix Markt
1%
8 Nakauf
0%
Keine übereinstimmenden Quizze gefunden
Verteilung der Resultate
Anzahl Personen mit jedem Resultat
Perzentil nach korrekt beantworteten Fragen
Ihre Resultats-Entwicklung
Sie haben dieses Quiz noch nicht gespielt